000 01210cab a2200325 4500
001 WB3103-13
008 090401t1995 xxu||||| |||| 00| 0 eng d
035 _a(Sirsi) u70712
041 _aeng
245 _aDisabled access to cost £55m a year
260 _c1995
350 _a0
490 _aBuilding
_v260(7876) 20 January 1995, 10
490 _aBuilding Design
_v(1204) 20 January 1995, 3(1)
520 _aThe House Builders Federation claims that the cost of implementing disabled access regulations proposed by government (WB3102-14) may amount to £55m per year in the housing sector, adding 1% on average to the cost of a new home.
650 _aACCESS TO BUILDINGS
650 _aMANAGEMENT-BUSINESS MANAGEMENT-DISCRIMINATION-DISABILITY DISCRIMINATION-ACCESSIBILITY
650 _aBUILDING REGULATIONS
_96224
650 _aCOSTS
650 _aMANAGEMENT-BUSINESS MANAGEMENT-DISCRIMINATION-DISABILITY DISCRIMINATION-ACCESSIBILITY
650 _aDISABLED PEOPLE
650 _aDOORS
650 _aHOUSE BUILDING
650 _aTOILETS
690 _aBUILT ENVIRONMENT-CONSTRUCTION DESIGN
690 _aECONOMIC AND SOCIAL
690 _aHOUSING
942 _n0
948 _c04/03/1997
999 _c44509
_d44509